| 000 | 007390000a22002650004500 | ||
|---|---|---|---|
| 500 | _aBibliography at the end of each chapters | ||
| 650 | _aEducational management | ||
| 650 | _aSchools | ||
| 650 | _aTeacher student relationship | ||
| 650 | _aParent-school relationship | ||
| 650 | _aEducational policy | ||
| 082 |
_a371 _bG794c _cT |
||
| 518 | _a980519 | ||
| 530 | _aM | ||
| 100 | _aGray, Peter, ed. | ||
| 100 | _aMiller, Andy | ||
| 100 | _aNoakes, Jim, ed. | ||
| 245 | _aChallenging behaviour in school; teacher support, practical techniques and policy development | ||
| 020 | _a0-415-09974-9 | ||
| 260 |
_aLondon _bRoutledge, Great Britain |
||
| 260 | _c1994 | ||
| 041 | _aEng | ||
| 300 | _ax, 271p. | ||
| 942 | _cGEN | ||
| 999 |
_c14268 _d14268 |
||